| 000 | 00755cam a2200217 a 4500 | ||
|---|---|---|---|
| 020 | _a9781607839798 | ||
| 082 | _a621.381 | ||
| 100 | 1 | _aRogers, John | |
| 245 | 1 | 0 |
_aRadio frequency integrated circuit design _cJohn Rogers, Calvin Plett. |
| 250 | _a2nd ed. | ||
| 260 |
_aBoston : _bArtech House, _cc2010. |
||
| 300 |
_axix, 513 p. : _bill. ; _c24 cm. |
||
| 504 | _aIncludes bibliographical references and index. | ||
| 650 | 0 |
_aRadio frequency integrated circuits _989597 |
|
| 650 | 0 |
_aVery high speed integrated circuits. _989598 |
|
| 700 | 1 |
_aPlett, Calvin. _989599 |
|
| 942 |
_2ddc _cBK |
||
| 999 |
_c588258 _d588258 |
||